• 首页
  • 本馆介绍
  • 公告通知
  • 最新文献
  • 馆藏检索
  • 电子资源
  • 读者导购
  • 参考咨询
  • 我的图书馆
  • 登录
  • 详细信息显示
  • 放入我的书架
  • 预约/预借图书
  • 作者相关作品
  • 分类相关作品
  • 丛书相关作品
  • 出版社相关作品

书目信息

  • 表格格式
  • 工作单格式
  • 卡片格式
题名:
画坛巨匠
    
 
作者: 荆成义 编著
分册:   伦勃朗素描
出版信息: 沈阳   辽宁美术出版社  2011.11
页数: 187页
开本: 27×27cm
丛书名:
单 册:
中图分类: J231 , J234(563)
科图分类:
主题词: 绘画--作品集--世界 , 素描--作品集--荷兰--近代 , 绘画 , 素描
电子资源:
ISBN: 978-7-5314-4995-9
000 00839nam0 2200277 450
001 010700125406
005 20140612094108.70
010    @a978-7-5314-4995-9@dCNY85.00
100    @a20120331d2011 em y0chiy50 ea
101 0  @achi
102    @aCN@b210000
105    @aa z 000yy
106    @ar
200 1  @a画坛巨匠@9hua tan ju jiang@i伦勃朗素描@f荆成义编著
210    @a沈阳@c辽宁美术出版社@d2011.11
215    @a187页@c图@d27×27cm
330    @a本书主要内容包括:弓箭手习作、拉绳子的男人、上十字架、骑马的人、自画像、修脚的人、马上号手、坐着的老人等。
606 0  @a绘画@x作品集@y世界
606 0  @a素描@x作品集@y荷兰@z近代
606 0  @a绘画
606 0  @a素描
690    @aJ231@v4
690    @aJ234(563)@v4
701  0 @a荆成义@9jing cheng yi@4编著
801  0 @aCN@bRENTIAN@c20120331
905    @b549074-76@dJ231@e95:8@f3
    
    画坛巨匠.伦勃朗素描/荆成义编著.-沈阳:辽宁美术出版社,2011.11
    187页:图;27×27cm
    
    
    ISBN 978-7-5314-4995-9:CNY85.00
    本书主要内容包括:弓箭手习作、拉绳子的男人、上十字架、骑马的人、自画像、修脚的人、马上号手、坐着的老人等。
●
相关链接 在E读中查询图书 在五车中查询图书 在当当中查询图书 在豆瓣中查询图书


正题名:画坛巨匠     索取号:J231/95:8         预约/预借

序号 登录号 条形码 馆藏地/架位号 状态 备注
1 549074   205490743   第一样本阅览室/ [索取号:J231/95:8] 在馆    
2 549075   205490752   第一借阅区/ [索取号:J231/95:8] 在馆    
3 549076   205490761   第一借阅区/ [索取号:J231/95:8] 在馆    
唐山师范学院图书馆 欢迎您!
大连网信软件有限公司© 版权所有